00967nam a2200241 i 450000100060000000300090000600500170001500700030003200800410003508000330007610000220010924501390013126000530027030000490032349000530037260000370042561000490046265500400051170000320055171000500058383000500063385200420068393493ES-MaACL20250624062908.0t|050531s1964 sp ||||1| spa d a75 Tàpies, Antoni (083.82)1 aTàpies, Antoni.10aTàpies b: [exposición, Sala de la Cacharrería del Ateneo de Madrid, marzo y abril de 1964] / c[Texto: Carlos-Antonio Areán]. a[Madrid] : bPublicaciones Españolas, c[1964] a[32] p. : bprincipalmente il. n. ; c28 cm.1 aCuadernos de arte. Colección ordinaria ; v15614aTàpies, Antoni-vExposiciones.27aAteneo de Madrid-vExposiciones-y1960-1969. 72tgfbneaCatálogos de exposiciones1 aAreán, Carlos,d1921-19962 aAteneo de Madrid. bSala de la Cacharrería.0 aCuadernos de arte. Colección ordinariav156 aES-MaACLj2194-F-27 bR.136137cDEPOF